Vlastiveda pre 4. ročník základných škôl Pracovný a poznámkový zošit

Bibliographic Details
Main Authors: Tolmáčiová, Terézia (Author), Tolmáči, Ladislav, 1960- (Author), Gurňák, Daniel, 1974- (Author), Švancarová, Libuša (Author)
Other Authors: Csiba, Viktor (Illustrator), Lacika, Ján, 1956- (Photographer), Vlach, Zdeno, 1946- (Photographer)
Format: Book
Language:Slovak
PhysicalDescription:56 s. ilustr., mp., tab. 29 cm. 1 mp.
Published: Bratislava Orbis Pictus Istropolitana 2004
ISBN:807158472X
Edition:2. upr. vyd.
Subjects:

MARC

LEADER 00000nam a2200000 a 4500
001 vtls001487044
003 SK-MaSNL
005 20260302073752.0
008 240226s2004 xo ab c p 000 0 slo
015 |a SNBA2004/12-06717 
020 |a 807158472X  |q (brož.) 
035 |a SNK000442336 
035 |a urn:nbn:sk:snk-am3h6rd 
035 |a urn:nbn:sk:snk-am00cpqq 
035 |a 4BA9BF2A-C183-4AAF-AD8E-B1A109DA21BB 
040 |a SNK  |b slo  |c SNK  |e AACR2 
041 0 |a slo 
044 |a xo  |c SK 
072 7 |a 913  |x Regionálna geografia  |2 konspekt 
080 |a 908  |2 MDT-MRF 
080 |a (075.2)  |2 MDT-MRF 
080 |a (076.1)  |2 MDT-MRF 
245 0 0 |a Vlastiveda pre 4. ročník základných škôl  |b Pracovný a poznámkový zošit  |c Terézia Tolmáčiová ... [et al.] ; [ilustrácie Viktor Csiba ... [et al.] ; foto Ján Lacika, Zdeno Vlach ; mapy Daniel Gurňák] 
250 |a 2. upr. vyd. 
260 |a Bratislava  |b Orbis Pictus Istropolitana  |c 2004 
300 |a 56 s.  |b ilustr., mp., tab.  |c 29 cm.  |e 1 mp. 
500 |a Ilustr. na tit. strane 
650 0 7 |a vlastiveda  |2 SNKPH  |9 3887 
655 7 |a učebnice základných škôl  |2 SNKPH  |9 70187 
655 7 |a pracovné zošity  |2 SNKPH  |9 70188 
700 1 |a Tolmáčiová, Terézia  |4 aut  |9 23934 
700 1 |a Csiba, Viktor  |4 ill  |9 213396 
700 1 |a Lacika, Ján,  |d 1956-  |4 pht  |9 101502 
700 1 |a Vlach, Zdeno,  |d 1946-  |4 pht  |9 18148 
700 1 |a Gurňák, Daniel,  |d 1974-  |4 asn  |9 203303 
700 1 |a Tolmáči, Ladislav,  |d 1960-  |4 aut  |9 198528 
700 1 |a Gurňák, Daniel,  |d 1974-  |4 aut  |9 203303 
700 1 |a Švancarová, Libuša  |4 aut  |9 295268 
919 |a 80-7158-472-X 
968 |d 37 
999 |c 1162289  |d 1164219 
952 |t P60, <03>, [BOOK], {603}, -K-  |a SNK  |b SNK  |y PREZ  |7 0  |p 17A0453687  |o snkSB 69736  |i snkKSP 15879/2004  |0 0  |1 0  |4 0  |d 2004-12-15  |f 1  |l 0  |r 2025-04-23 00:00:00  |w 2026-02-24 
952 |a SNK  |b SNK  |y VYP  |7 0  |p 17A0453684  |o snkSB 69736 D1  |i snkKSP 15880/2004  |3 Príloha: mapa  |z Príloha: mapa  |0 0  |1 0  |4 0  |d 2004-12-15  |l 0  |r 2005-01-02 00:00:00  |w 2026-02-24 
952 |t P60, <03>, [BOOK], {603}, -K-  |a SNK  |b SNK  |y PREZ  |7 0  |p 17A0453751  |o snkSB 69736/príl.  |i snkKSP 15879/2004  |0 0  |1 0  |4 0  |d 2004-12-16  |l 0  |r 2025-04-23 00:00:00  |w 2026-02-24 
952 |a SNK  |b SNK  |y VYP  |7 0  |p 17A1345382  |o snkSB 69736/príl. D1  |i snkKSP 15880/2004  |3 Príloha: mapa 1 ks (originál náhrada - vydavateľom)  |z Príloha: mapa 1 ks (originál náhrada - vydavateľom)  |0 0  |1 0  |4 0  |d 2004-12-16  |l 0  |r 2005-01-02 00:00:00  |w 2026-02-24